000 01559nam a2200445 c 4500
999 _c86973
_d86973
003 BLK
005 20250516102402.0
008 180408b bul|||||r ||||||| ||bul||
010 _aKNG00091601000
040 _aBLK
041 _aBUL
_cBUL
072 7 _2bullib
_aК
_xКраезнание
080 _aРиболов (вкл. и лов на други морски животни)
_b639.2
_x(497.2)(091)
_z639.2(497.2)(091)
080 _b392/394
_x(=867)
_z392/394(=867)
100 1 _aЗмеев, Рачо Николов
_d1929–1994
_eпърви автор
_970145
139 _aЗмеев, Рачо Николов
_bЗ 78
245 1 0 _aРиболовът у българите
_bИст.-етногр. характеристика
_cРачо Николов Змеев.
257 _aBGR
260 _bВселена
_c1995
300 _a272 с.
_bс ил.
_c20 см
380 _a63
500 _aИзд. на Ист. музей - Тутракан. - Библиогр. след отд. гл.
504 _aслед отд. гл.
650 4 _aРиболов - България - история
_9260378
651 4 _aБългария
_9241624
653 _aриболов
653 _aистория
653 _aобичаи
653 _aбългари
659 _aК
852 _aЦб 245494
852 _aК 63/З-78 Р
856 4 _qpdf
856 4 _qpdf
942 _cKNG
_n0
_s1
_03
944 _aCR
_c26.09.2009
_lХристина Везирева
_k30535
944 _aED
_c12.08.2011
_lф /
999 _d86973
999 _d86973